000 00937cam a2200205 4500
001 WB3939-05
008 031016n2003 000 0 eng u
035 _a(Sirsi) u123936
245 _a£20m police station upgrades
260 _c2003
490 _aHome Office News Release
_v(277/2003) 13 October 2003 (5)
520 _aThe Home Office has announced £20m funding for the improvement and refurbishment of police facilities. All 43 police forces in England and Wales successfully applied for grants from the Premises Improvement Fund (PIF). The PIF is a matched funding initiative, now in its second year, with part-funding from the Home Office matched from existing police resources. http://www.homeoffice.gov.uk/n_story.asp?item_id=638
590 _aWB
650 _aPOLICE STATIONS
650 _aIMPROVEMENT WORKS
650 _aMODERNISATION
650 _aWORKPLACE DESIGN
690 _aRefurbishment
_96264
942 _n0
999 _c73601
_d73601